000 00576nam a2200217Ia 4500
003 OSt
005 20220928144056.0
006 a|||||r|||| 00| 0
007 ta
008 220927b |||||||| |||| 00| 0 eng d
024 _a24098
037 _cTextual
040 _aSDCL
_cSDCL
_beng
041 _2eng
_aeng
082 _aO15,1G55,1:g, N3
100 _aBaid Sharda
_9506775
245 0 _aVijayvarnikrit sringaaranvachandrika ka samikshatmak adhyan.
260 _c1993
942 _hO15,1G55,1:g, N3
_cTEXL
_2CC
999 _c826023
_d826023